Presentación de la sección neuroderechos y derechos humanos / (Registro nro. 5567)
[ vista simple ]
| 000 -LEADER | |
|---|---|
| fixed length control field | 01131nab a22002177a 4500 |
| 003 - CONTROL NUMBER IDENTIFIER | |
| control field | OSt |
| 005 - DATE AND TIME OF LATEST TRANSACTION | |
| control field | 20251218101615.0 |
| 008 - FIXED-LENGTH DATA ELEMENTS--GENERAL INFORMATION | |
| fixed length control field | 190429b xxu||||| |||| 00| 0 spa d |
| 040 ## - CATALOGING SOURCE | |
| Transcribing agency | PJ |
| 245 10 - TITLE STATEMENT | |
| Title | Presentación de la sección neuroderechos y derechos humanos / |
| Statement of responsibility, etc | José Angel Marinaro. |
| 260 ## - PUBLICATION, DISTRIBUTION, ETC. (IMPRINT) | |
| Date of publication, distribution, etc | Ciudad Autónoma de Buenos Aires : |
| Place of publication, distribution, etc | Thomson Reuters La Ley, |
| Name of publisher, distributor, etc | 2025. |
| 300 ## - PHYSICAL DESCRIPTION | |
| Extent | p. 257-263 |
| 500 ## - GENERAL NOTE | |
| General note | Cita: TR LALEY AR/DOC/400/2025. |
| 505 ## - FORMATTED CONTENTS NOTE | |
| Formatted contents note | Sumario: I. Hacia nuevos derechos humanos en la era de la Neurociencia y la Neurotecnología.— II. Hacemos un poco de historia.— III. Conflictos éticos y derechos humanos.— IV. La prueba neurocientífica en los Tribunales.— V. Neuropredicción y tratamiento penitenciario. |
| 505 ## - FORMATTED CONTENTS NOTE | |
| Title | Si te interesa el texto completo, solicitalo a koha@justierradelfuego.gov.ar |
| 650 #0 - SUBJECT ADDED ENTRY--TOPICAL TERM | |
| 9 (RLIN) | 343 |
| Topical term or geographic name as entry element | DERECHO PENAL |
| 650 #0 - SUBJECT ADDED ENTRY--TOPICAL TERM | |
| 9 (RLIN) | 614 |
| Topical term or geographic name as entry element | DERECHOS HUMANOS |
| 650 #0 - SUBJECT ADDED ENTRY--TOPICAL TERM | |
| 9 (RLIN) | 6081 |
| Topical term or geographic name as entry element | CIENCIA Y TECNOLOGÍA |
| 773 0# - HOST ITEM ENTRY | |
| Host Biblionumber | 2658 |
| Host Itemnumber | 3164 |
| Title | Revista de derecho penal y criminología. Nº 3 - Abril 2025 |
| Place, publisher, and date of publication | Ciudad Autónoma de Buenos Aires : Thomson Reuters La Ley, 2017- |
| International Standard Serial Number | 00347914 |
| 942 ## - ADDED ENTRY ELEMENTS (KOHA) | |
| Source of classification or shelving scheme | |
| Koha item type | Analítica Artículo de Revista |
No hay ítems disponibles.
